[Event "Valby K41 Aabent-ch 1011"]
[Site "Valby"]
[Date "2011.03.08"]
[Round "10"]
[White "Gjelstrup, Ole"]
[Black "Nielsen, Soren Skovso"]
[Result "0-1"]
[WhiteElo "1551"]
[BlackElo "1641"]
[PlyCount "62"]
[EventDate "2010.11.03"]
[EventType "swiss"]
[EventRounds "10"]
[EventCountry "DEN"]
[SourceTitle "EXT 2023"]
[Source "ChessBase"]
[SourceDate "2022.10.05"]
[SourceVersion "1"]
[SourceVersionDate "2022.10.05"]
[SourceQuality "1"]

1. d4 Nf6 2. Nf3 e6 3. Nbd2 d5 4. e3 Be7 5. b3 0-0 6. Bd3 Nbd7 7. Bb2 a6 8. 0-0 b6 9. Ne5 Nxe5 10. dxe5 Nd7 11. c4 Nc5 12. Bc2 dxc4 13. Nxc4 Bb7 14. Qh5 g6 15. Qg4 a5 16. Rad1 Qc8 17. f4 b5 18. Nd6 cxd6 19. exd6 f5 20. Qh3 Bf6 21. Be5 Nd7 22. Rc1 Qd8 23. g4 Bxe5 24. gxf5 exf5 25. fxe5 Nxe5 26. Qg3 Qxd6 27. Rcd1 Qe7 28. Bxf5 Nf3+ 29. Rxf3 Bxf3 30. Rd7 Qxe3+ 31. Kf1 Rxf5 0-1

[Event "Valby K41 Aabent-ch 1011"]
[Site "Valby"]
[Date "2011.03.01"]
[Round "9"]
[White "Nielsen, Soren Skovso"]
[Black "Sorensen, Dick"]
[Result "0-1"]
[WhiteElo "1641"]
[BlackElo "1917"]
[PlyCount "118"]
[EventDate "2010.11.03"]
[EventType "swiss"]
[EventRounds "10"]
[EventCountry "DEN"]
[SourceTitle "EXT 2023"]
[Source "ChessBase"]
[SourceDate "2022.10.05"]
[SourceVersion "1"]
[SourceVersionDate "2022.10.05"]
[SourceQuality "1"]

1. e4 g6 2. d4 Bg7 3. Nf3 d6 4. Bd3 Nf6 5. h3 0-0 6. 0-0 c6 7. c3 b5 8. Qc2 a6 9. Be3 Bb7 10. Nbd2 Nfd7 11. Rfe1 e5 12. Rad1 h6 13. Nf1 c5 14. dxc5 dxc5 15. Qd2 Kh7 16. Bb1 Qc8 17. N3h2 a5 18. Ng4 h5 19. Ngh2 c4 20. Nf3 Ra6 21. Ng5+ Kg8 22. Nf3 Nc5 23. Bh6 f6 24. Nh4 Rf7 25. Nxg6 Kh7 26. Bxg7 Rxg7 27. Nh4 Qxh3 28. Ne3 Qxh4 29. Nf5 Qg5 30. Nxg7 Qxd2 31. Rxd2 Kxg7 32. Re3 Nc6 33. Rd5 Nd3 34. Rd7+ Kh6 35. Rxb7 Nxb2 36. Rxb5 Nd1 37. Rg3 Ne7 38. Bc2 Rd6 39. Rb1 Nxf2 40. Rb7 Ng6 41. Rb5 Ng4 42. Rd5 Rb6 43. a4 Nf4 44. Kf1 Nxd5 45. exd5 Kg5 46. Ke1 f5 47. Bd1 Rd6 48. Be2 Rxd5 49. Bxc4 Rc5 50. Bb5 f4 51. Rh3 Rc8 52. c4 Rb8 53. c5 Rc8 54. Rc3 Ne3 55. g3 Nd5 56. gxf4+ Kxf4 57. Rh3 Rxc5 58. Rxh5 Ke3 59. Rh3+ Kd4 0-1

[Event "Valby K41 Aabent-ch 1011"]
[Site "Valby"]
[Date "2011.02.08"]
[Round "8"]
[White "Hansen, Rasmus Agertoft"]
[Black "Nielsen, Soren Skovso"]
[Result "1/2-1/2"]
[WhiteElo "1832"]
[BlackElo "1641"]
[PlyCount "90"]
[EventDate "2010.11.03"]
[EventType "swiss"]
[EventRounds "10"]
[EventCountry "DEN"]
[SourceTitle "EXT 2023"]
[Source "ChessBase"]
[SourceDate "2022.10.05"]
[SourceVersion "1"]
[SourceVersionDate "2022.10.05"]
[SourceQuality "1"]

1. Nf3 Nf6 2. d4 e6 3. c4 Be7 4. Bg5 b6 5. e3 Bb7 6. Nc3 d6 7. Bd3 Nbd7 8. a3 0-0 9. h4 e5 10. d5 h6 11. g4 Nc5 12. Bf5 Bc8 13. b4 Nb7 14. Bxf6 Bxf6 15. Ne4 g6 16. Bxc8 Rxc8 17. g5 Bg7 18. h5 f5 19. gxh6 fxe4 20. h7+ Kh8 21. Nh4 g5 22. h6 gxh4 23. hxg7+ Kxg7 24. h8Q+ Rxh8 25. Qg4+ Kf7 26. Qe6+ Kf8 27. 0-0-0 Rb8 28. Rdg1 Qe7 29. Qf5+ Qf7 30. Qxe4 Ke7 31. f4 Rbf8 32. fxe5 Kd8 33. e6 Qf6 34. Kb1 Ke7 35. Ka2 a5 36. Rg6 Qc3 37. Qg2 axb4 38. Rg7+ Ke8 39. Qg6+ Kd8 40. e7+ Kc8 41. exf8Q+ Rxf8 42. Rf7 Qxa3+ 43. Kb1 Qb3+ 44. Ka1 Qa3+ 45. Kb1 Qb3+ 1/2-1/2

[Event "Valby K41 Aabent-ch 1011"]
[Site "Valby"]
[Date "2011.01.08"]
[Round "5"]
[White "Nielsen, Soren Skovso"]
[Black "Karup, Jesper"]
[Result "0-1"]
[WhiteElo "1641"]
[BlackElo "1774"]
[PlyCount "54"]
[EventDate "2010.11.03"]
[EventType "swiss"]
[EventRounds "10"]
[EventCountry "DEN"]
[SourceTitle "EXT 2023"]
[Source "ChessBase"]
[SourceDate "2022.10.05"]
[SourceVersion "1"]
[SourceVersionDate "2022.10.05"]
[SourceQuality "1"]

1. e4 e6 2. Nf3 d5 3. exd5 exd5 4. d4 Bd6 5. c4 Nf6 6. Nc3 0-0 7. c5 Re8+ 8. Be2 Be7 9. 0-0 Nbd7 10. Qc2 Nf8 11. Ne5 Bxc5 12. Nxf7 Kxf7 13. dxc5 Ne6 14. Nd1 Nd4 15. Qd3 Nxe2+ 16. Kh1 Nxc1 17. Rxc1 c6 18. Nc3 Ne4 19. Ne2 Bf5 20. Nd4 Bg6 21. Qd1 Qa5 22. a3 Kg8 23. f4 Qd2 24. Qa4 Nf2+ 25. Kg1 Qe3 26. Rxf2 Qxc1+ 27. Rf1 Re1 0-1

[Event "Valby K41 Aabent-ch 1011"]
[Site "Valby"]
[Date "2010.12.14"]
[Round "4"]
[White "Moller, Arne Vagn"]
[Black "Nielsen, Soren Skovso"]
[Result "1-0"]
[WhiteElo "1793"]
[BlackElo "1641"]
[PlyCount "67"]
[EventDate "2010.11.03"]
[EventType "swiss"]
[EventRounds "10"]
[EventCountry "DEN"]
[SourceTitle "EXT 2023"]
[Source "ChessBase"]
[SourceDate "2022.10.05"]
[SourceVersion "1"]
[SourceVersionDate "2022.10.05"]
[SourceQuality "1"]

1. e4 e5 2. Nf3 Nc6 3. Bb5 d6 4. d4 Bd7 5. d5 Nce7 6. Bxd7+ Qxd7 7. c4 Ng6 8. Nc3 Nf6 9. h3 Be7 10. 0-0 0-0 11. Be3 a6 12. a3 b5 13. cxb5 axb5 14. Qe2 Rfb8 15. b4 h6 16. Rfc1 Nh5 17. Nxe5 Nxe5 18. Qxh5 Bf6 19. Rc2 Nc4 20. Bc1 Qe8 21. Qe2 Bd4 22. Raa2 Qe5 23. Nxb5 Rxb5 24. Rxc4 Rb7 25. Rac2 Bb6 26. Qg4 Qf6 27. Bb2 Qg6 28. Qf3 Rbb8 29. e5 Re8 30. e6 fxe6 31. Rg4 Qxc2 32. Rxg7+ Kh8 33. Rh7+ Kxh7 34. Qf7# 1-0

[Event "Valby K41 Spring-C"]
[Site "Valby"]
[Date "2010.05.04"]
[Round "7"]
[White "Nielsen, Soren Skovso"]
[Black "Jorgensen, Orla Eilegaard"]
[Result "0-1"]
[WhiteElo "1544"]
[BlackElo "1543"]
[PlyCount "80"]
[EventDate "2010.03.09"]
[EventType "swiss"]
[EventRounds "7"]
[EventCountry "DEN"]
[SourceTitle "EXT 2023"]
[Source "ChessBase"]
[SourceDate "2022.10.05"]
[SourceVersion "1"]
[SourceVersionDate "2022.10.05"]
[SourceQuality "1"]

1. e4 c5 2. Nf3 d6 3. d4 cxd4 4. Nxd4 Nf6 5. Nc3 Nc6 6. Be2 a6 7. Nxc6 bxc6 8. e5 Nd5 9. Nxd5 cxd5 10. Qxd5 Be6 11. Qd1 Qa5+ 12. Bd2 Qxe5 13. Bc3 Qc5 14. 0-0 Bc4 15. Re1 Bxe2 16. Rxe2 e5 17. Qd2 Be7 18. Bb4 Qb6 19. Bc3 0-0 20. Kh1 f5 21. Rd1 Kh8 22. Qd5 Qd8 23. a3 a5 24. Qa2 Qb6 25. Qe6 Qc7 26. Bxe5 dxe5 27. Rd7 Qxd7 28. Qxd7 Rad8 29. Qd2 Rxd2 30. Rxd2 Rd8 31. Rxd8+ Bxd8 32. a4 Kg8 33. Kg1 Kf7 34. Kf1 Ke6 35. Ke2 Kd5 36. f3 e4 37. b3 exf3+ 38. gxf3 Kd4 39. h3 Kc3 40. Kd1 g5 0-1

[Event "Valby K41 Spring-C"]
[Site "Valby"]
[Date "2010.03.09"]
[Round "1"]
[White "Nielsen, Soren Skovso"]
[Black "Olsen, Kim"]
[Result "1-0"]
[WhiteElo "1544"]
[BlackElo "1421"]
[PlyCount "86"]
[EventDate "2010.03.09"]
[EventType "swiss"]
[EventRounds "7"]
[EventCountry "DEN"]
[SourceTitle "EXT 2023"]
[Source "ChessBase"]
[SourceDate "2022.10.05"]
[SourceVersion "1"]
[SourceVersionDate "2022.10.05"]
[SourceQuality "1"]

1. e4 c5 2. Nf3 d6 3. Be2 g6 4. c3 Bg7 5. d3 Nc6 6. 0-0 Nf6 7. d4 cxd4 8. cxd4 Nxe4 9. d5 Nb8 10. Qa4+ Nd7 11. Qxe4 0-0 12. Nc3 Nc5 13. Qc2 Bf5 14. Qd1 Rc8 15. Nd4 Bd7 16. Be3 a6 17. b4 e5 18. bxc5 exd4 19. Bxd4 dxc5 20. Bxg7 Kxg7 21. Bf3 b5 22. d6 Bc6 23. Bxc6 Rxc6 24. d7 Rc7 25. Qd6 Qxd7 26. Qxa6 Re8 27. Qxb5 Qe6 28. Qb2 Kg8 29. g3 Qc6 30. Nd1 Rb7 31. Qc2 Re4 32. Ne3 Qe6 33. Qxc5 Reb4 34. a4 Rb8 35. Nd5 Re4 36. Ne3 Re5 37. Qd4 Re4 38. Qd2 Re5 39. a5 Ra8 40. Ra3 Rb5 41. Qd3 Qa6 42. Nd5 Qb7 43. Nf6+ Kf8 1-0

[Event "Valby K41 Autumn-B"]
[Site "Valby"]
[Date "2009.10.06"]
[Round "5"]
[White "Egholm, Leif"]
[Black "Nielsen, Soren Skovso"]
[Result "0-1"]
[WhiteElo "1672"]
[BlackElo "1431"]
[PlyCount "86"]
[EventDate "2009.09.08"]
[EventType "swiss"]
[EventRounds "7"]
[EventCountry "DEN"]
[SourceTitle "EXT 2023"]
[Source "ChessBase"]
[SourceDate "2022.10.05"]
[SourceVersion "1"]
[SourceVersionDate "2022.10.05"]
[SourceQuality "1"]

1. e4 e5 2. Nf3 Nc6 3. d4 exd4 4. Bc4 Be7 5. c3 Na5 6. Bxf7+ Kxf7 7. Nxd4 Nc6 8. Qh5+ g6 9. Qf3+ Kg7 10. Be3 Ne5 11. Qe2 d6 12. h3 Nf6 13. Nd2 Bd7 14. 0-0-0 c5 15. Nc2 Qa5 16. Na3 Ba4 17. Rde1 b5 18. f4 Nc4 19. Naxc4 bxc4 20. e5 Ne8 21. Nxc4 Qa6 22. Nxd6 Qxe2 23. Nxe8+ Rhxe8 24. Rxe2 Rad8 25. b3 Bc6 26. Rg1 Rd3 27. Kc2 Red8 28. Bf2 a5 29. a4 c4 30. Bd4 Rg3 31. bxc4 Bxa4+ 32. Kc1 Ba3+ 33. Kb1 Bb3 34. c5 Rb8 35. Ka1 Bc4 36. Rf2 a4 37. Rb1 Rxb1+ 38. Kxb1 Rd3 39. Kc2 Rg3 40. Rd2 Kf7 41. Bf2 Bb3+ 42. Kb1 Rxc3 43. e6+ Ke8 0-1

[Event "Valby K41 Autumn-B"]
[Site "Valby"]
[Date "2009.09.15"]
[Round "2"]
[White "Nissen, Kaspar"]
[Black "Nielsen, Soren Skovso"]
[Result "1/2-1/2"]
[WhiteElo "1328"]
[BlackElo "1431"]
[PlyCount "77"]
[EventDate "2009.09.08"]
[EventType "swiss"]
[EventRounds "7"]
[EventCountry "DEN"]
[SourceTitle "EXT 2023"]
[Source "ChessBase"]
[SourceDate "2022.10.05"]
[SourceVersion "1"]
[SourceVersionDate "2022.10.05"]
[SourceQuality "1"]

1. Nf3 e6 2. e4 c5 3. Nc3 Nc6 4. d4 cxd4 5. Nxd4 Bb4 6. Nde2 Nf6 7. a3 Be7 8. g3 0-0 9. Bg2 d6 10. 0-0 a6 11. Be3 Ng4 12. Qd2 Nxe3 13. Qxe3 Bd7 14. Rfd1 Qc7 15. Nf4 Ne5 16. Nd3 Nc4 17. Qe2 Nxb2 18. Nxb2 Qxc3 19. Nd3 Rac8 20. Ra2 Rc7 21. Rb1 Bb5 22. a4 Bc4 23. Rab2 b5 24. axb5 axb5 25. Qe1 Bf6 26. e5 Qxe1+ 27. Rxe1 dxe5 28. Nxe5 Rd8 29. Nxc4 bxc4 30. Ra2 g6 31. Ra8 Rcd7 32. Rxd8+ Rxd8 33. Bf3 Rd2 34. Re2 Rd1+ 35. Kg2 c3 36. Rxe6 Rg1+ 37. Kxg1 fxe6 38. Kf1 Bd4 39. Be4 1/2-1/2

[Event "Valby K41 Autumn-B"]
[Site "Valby"]
[Date "2009.09.08"]
[Round "1"]
[White "Nielsen, Soren Skovso"]
[Black "Hojgaard, Knud"]
[Result "0-1"]
[WhiteElo "1431"]
[BlackElo "1817"]
[PlyCount "98"]
[EventDate "2009.09.08"]
[EventType "swiss"]
[EventRounds "7"]
[EventCountry "DEN"]
[SourceTitle "EXT 2023"]
[Source "ChessBase"]
[SourceDate "2022.10.05"]
[SourceVersion "1"]
[SourceVersionDate "2022.10.05"]
[SourceQuality "1"]

1. d4 e6 2. c4 f5 3. Nc3 Nf6 4. Nf3 Bb4 5. a3 Bxc3+ 6. bxc3 0-0 7. e3 b6 8. Bd3 Bb7 9. 0-0 Ne4 10. Qc2 d6 11. Bb2 Nd7 12. a4 a5 13. Rab1 Ndf6 14. h3 Qd7 15. Ba3 Bc6 16. Qc1 Bxa4 17. Nd2 Nxd2 18. Qxd2 Rfd8 19. Qa2 Kh8 20. Qa1 Rab8 21. Rb2 Ra8 22. Qb1 g6 23. Qc1 Qe8 24. Ra2 e5 25. Re1 Qf7 26. d5 Be8 27. e4 f4 28. c5 bxc5 29. c4 Bd7 30. Qd1 Rdb8 31. Qa1 Qe8 32. Bc1 a4 33. Bxf4 Kg7 34. Bg5 h6 35. Bxf6+ Kxf6 36. f4 Kf7 37. fxe5 Qxe5 38. Rf1+ Kg7 39. Qd1 Rf8 40. Rxf8 Rxf8 41. Qa1 Qxa1+ 42. Rxa1 Rb8 43. Rb1 Rxb1+ 44. Bxb1 Kf6 45. Kf2 Ke5 46. Ke3 g5 47. g4 Be8 48. Ba2 Bg6 49. Bb1 a3 0-1

[Event "Valby K41 Spring-C"]
[Site "Valby"]
[Date "2009.04.21"]
[Round "4"]
[White "Mikkelsen, Henning Peter"]
[Black "Nielsen, Soren Skovso"]
[Result "1-0"]
[WhiteElo "1337"]
[BlackElo "1489"]
[PlyCount "105"]
[EventDate "2009.03.17"]
[EventType "swiss"]
[EventRounds "7"]
[EventCountry "DEN"]
[SourceTitle "EXT 2023"]
[Source "ChessBase"]
[SourceDate "2022.10.05"]
[SourceVersion "1"]
[SourceVersionDate "2022.10.05"]
[SourceQuality "1"]

1. Nf3 c5 2. b3 Nc6 3. Bb2 e6 4. e3 Nf6 5. Be2 d6 6. 0-0 Be7 7. c4 0-0 8. Nc3 d5 9. d4 a6 10. Rc1 Bd7 11. cxd5 Nxd5 12. Ne4 cxd4 13. Nxd4 Nxd4 14. Bxd4 Bc6 15. Ng3 Nf6 16. Qc2 Rc8 17. Qb1 Qa5 18. f4 Ba3 19. Rcd1 Nd5 20. Qa1 f6 21. Kh1 Bb4 22. Bg4 f5 23. Bf3 Bc3 24. Bxc3 Qxc3 25. Qxc3 Nxc3 26. Rd6 Bxf3 27. gxf3 Rfe8 28. Rd7 Rb8 29. Nh5 Nd5 30. Rxg7+ Kh8 31. Rfg1 Rg8 32. e4 Rxg7 33. Nxg7 fxe4 34. Nxe6 e3 35. f5 Rc8 36. Nd4 Nf4 37. Re1 Rd8 38. Ne6 Nxe6 39. fxe6 Re8 40. Rxe3 Kg7 41. Kg2 Re7 42. Kg3 Kf6 43. Kf4 h5 44. h4 b6 45. Re5 Kg6 46. Ke4 Kf6 47. Rf5+ Kxe6 48. Re5+ Kd6 49. Rxe7 Kxe7 50. Ke5 Kf7 51. Kf5 Kg7 52. Kg5 Kf7 53. Kxh5 1-0

[Event "Valby K41 Spring-C"]
[Site "Valby"]
[Date "2009.03.17"]
[Round "1"]
[White "Nielsen, Soren Skovso"]
[Black "Meldal, Peter"]
[Result "1-0"]
[WhiteElo "1489"]
[BlackElo "1287"]
[PlyCount "91"]
[EventDate "2009.03.17"]
[EventType "swiss"]
[EventRounds "7"]
[EventCountry "DEN"]
[SourceTitle "EXT 2023"]
[Source "ChessBase"]
[SourceDate "2022.10.05"]
[SourceVersion "1"]
[SourceVersionDate "2022.10.05"]
[SourceQuality "1"]

1. e4 e6 2. Nf3 d5 3. exd5 exd5 4. d4 c5 5. Bb5+ Nc6 6. 0-0 Bg4 7. Qe1+ Be7 8. Ne5 Bd7 9. Nxd7 Qxd7 10. dxc5 Nf6 11. Nd2 0-0 12. b4 Rfe8 13. Qd1 a6 14. Bxc6 bxc6 15. Nf3 a5 16. c3 Ne4 17. Bb2 Qc7 18. Qc2 Rab8 19. a3 Qb7 20. Rab1 axb4 21. cxb4 Ra8 22. Nd4 Bf6 23. Nf5 Bxb2 24. Qxb2 Nf6 25. Nd6 Qd7 26. Nxe8 Rxe8 27. Rbe1 Rd8 28. f3 d4 29. Rf2 d3 30. Rd2 Qf5 31. Qe5 Qg6 32. Qc7 Ra8 33. Qxc6 Rb8 34. Qd6 Rf8 35. Rxd3 h5 36. Rde3 h4 37. h3 Qf5 38. c6 g5 39. Qe5 Qg6 40. Qc5 Rc8 41. b5 Nh5 42. Re5 f6 43. Qd5+ Kh8 44. Re7 Nf4 45. Qf7 Qh6 46. Re8+ 1-0

[Event "Valby K41 Aabent-ch 0809"]
[Site "Valby"]
[Date "2009.03.03"]
[Round "9"]
[White "Nielsen, Soren Skovso"]
[Black "Christiansen, Andreas Ryding Lund"]
[Result "1-0"]
[WhiteElo "1556"]
[BlackElo "1300"]
[PlyCount "57"]
[EventDate "2008.11.11"]
[EventType "swiss"]
[EventRounds "9"]
[EventCountry "DEN"]
[SourceTitle "EXT 2023"]
[Source "ChessBase"]
[SourceDate "2022.10.05"]
[SourceVersion "1"]
[SourceVersionDate "2022.10.05"]
[SourceQuality "1"]

1. e4 e6 2. d4 d5 3. e5 c5 4. Nf3 Nc6 5. Bf4 Qb6 6. b3 cxd4 7. a3 Qa5+ 8. Bd2 Bb4 9. Bd3 Bc3 10. 0-0 Bxd2 11. Nbxd2 Nge7 12. b4 Qc7 13. Re1 a6 14. Nb3 Qb6 15. Qd2 0-0 16. Nbxd4 Nf5 17. Nxf5 exf5 18. Qf4 Ne7 19. Rad1 Ng6 20. Qc1 Be6 21. c3 Rac8 22. Qd2 a5 23. Nd4 axb4 24. axb4 Qc7 25. Bxf5 Bxf5 26. Nxf5 Qxc3 27. Qxd5 Qxb4 28. e6 f6 29. e7+ 1-0

[Event "Valby K41 Autumn-B"]
[Site "Valby"]
[Date "2008.10.07"]
[Round "5"]
[White "Nielsen, Soren Skovso"]
[Black "Hansen, Frank"]
[Result "1-0"]
[WhiteElo "1554"]
[BlackElo "1567"]
[PlyCount "65"]
[EventDate "2008.09.09"]
[EventType "tourn"]
[EventRounds "7"]
[EventCountry "DEN"]
[SourceTitle "EXT 2023"]
[Source "ChessBase"]
[SourceDate "2022.10.05"]
[SourceVersion "1"]
[SourceVersionDate "2022.10.05"]
[SourceQuality "1"]

1. e4 e6 2. Nc3 b6 3. Nf3 c6 4. Be2 d5 5. exd5 cxd5 6. d4 Ne7 7. 0-0 Ba6 8. Re1 Bxe2 9. Qxe2 Qd7 10. Ne5 Qb7 11. Bf4 a6 12. Nxf7 Kxf7 13. Qxe6+ Ke8 14. Nxd5 Ra7 15. Nxb6 Nbc6 16. Nc8 Qd7 17. Nd6+ Kd8 18. Nf7+ Kc8 19. Qb3 Nd5 20. Ne5 Na5 21. Qb8+ Kxb8 22. Nxd7+ Kc8 23. Nxf8 Nxf4 24. Re8+ Kb7 25. Rae1 Kc6 26. g3 Nd5 27. R1e6+ Kb7 28. Rd8 Nc7 29. Re3 Nc4 30. Rf3 Kc6 31. b3 Nd6 32. c4 Nb7 33. d5+ 1-0

[Event "Valby K41 Autumn-B"]
[Site "Valby"]
[Date "2008.09.30"]
[Round "4"]
[White "Abildgaard, Kenneth"]
[Black "Nielsen, Soren Skovso"]
[Result "1-0"]
[WhiteElo "1712"]
[BlackElo "1554"]
[PlyCount "67"]
[EventDate "2008.09.09"]
[EventType "tourn"]
[EventRounds "7"]
[EventCountry "DEN"]
[SourceTitle "EXT 2023"]
[Source "ChessBase"]
[SourceDate "2022.10.05"]
[SourceVersion "1"]
[SourceVersionDate "2022.10.05"]
[SourceQuality "1"]

1. e4 e5 2. Nf3 Nc6 3. Bc4 Bc5 4. c3 d6 5. d4 exd4 6. cxd4 Bb6 7. 0-0 Bd7 8. Re1 Nge7 9. Ng5 Qc8 10. Bxf7+ Kd8 11. Bh5 Be8 12. Ne6+ Qxe6 13. d5 Qf6 14. Bxe8 Qxf2+ 15. Kh1 Ne5 16. Bh5 Nd3 17. Re2 Qh4 18. Qxd3 Qxh5 19. Be3 Rf8 20. Nc3 Ng6 21. Bxb6 axb6 22. Qg3 b5 23. Rc2 b4 24. Nb5 Rf7 25. Rac1 Ne5 26. Nxc7 Rb8 27. Ne6+ Ke8 28. Nxg7+ Rxg7 29. Qxg7 Rd8 30. Qg8+ Ke7 31. Rc7+ Rd7 32. Qe6+ Kf8 33. Rc8+ Kg7 34. Rg8# 1-0

[Event "Valby K41 Autumn-B"]
[Site "Valby"]
[Date "2008.09.09"]
[Round "1"]
[White "Nielsen, Soren Skovso"]
[Black "Hansen, Teddy"]
[Result "0-1"]
[WhiteElo "1554"]
[BlackElo "1645"]
[PlyCount "56"]
[EventDate "2008.09.09"]
[EventType "tourn"]
[EventRounds "7"]
[EventCountry "DEN"]
[SourceTitle "EXT 2023"]
[Source "ChessBase"]
[SourceDate "2022.10.05"]
[SourceVersion "1"]
[SourceVersionDate "2022.10.05"]
[SourceQuality "1"]

1. Nf3 Nf6 2. Nc3 c5 3. e4 d6 4. Bc4 Nc6 5. d3 a6 6. a4 g6 7. Bd2 Bg7 8. Qc1 Bg4 9. Ng5 Ne5 10. Ba2 h6 11. f4 hxg5 12. fxe5 dxe5 13. Bxg5 Nh5 14. Qe3 f6 15. h3 Bd7 16. Qf2 Rf8 17. Be3 f5 18. Rf1 Qb6 19. Bb3 Rc8 20. Nd5 Qd6 21. Qh4 Nf6 22. Bg5 Nxd5 23. Bxd5 Be6 24. Bxb7 Rb8 25. Bxa6 Qxa6 26. Bxe7 Qa5+ 27. Kd1 Rh8 28. Qg5 Bh6 0-1

[Event "Valby K41 Spring-B"]
[Site "Valby"]
[Date "2008.04.22"]
[Round "4"]
[White "Petersen, Jan Han Il Nam"]
[Black "Nielsen, Soren Skovso"]
[Result "1-0"]
[WhiteElo "1610"]
[BlackElo "1600"]
[PlyCount "91"]
[EventDate "2008.03.25"]
[EventType "swiss"]
[EventRounds "7"]
[EventCountry "DEN"]
[SourceTitle "EXT 2023"]
[Source "ChessBase"]
[SourceDate "2022.10.05"]
[SourceVersion "1"]
[SourceVersionDate "2022.10.05"]
[SourceQuality "1"]

1. e4 c5 2. Nf3 d6 3. d4 cxd4 4. Nxd4 a6 5. Nc3 Nf6 6. Be2 e6 7. 0-0 Be7 8. Be3 Bd7 9. f4 Nc6 10. Qd2 Qc7 11. Kh1 0-0 12. f5 Nxd4 13. Bxd4 e5 14. Be3 Bc6 15. Bf3 Rac8 16. g4 d5 17. exd5 Rfd8 18. Qg2 e4 19. Bxe4 Nxe4 20. dxc6 Nxc3 21. cxb7 Rb8 22. bxc3 Rxb7 23. g5 Bf8 24. Bd4 Qc8 25. g6 fxg6 26. fxg6 h6 27. Rf3 Rb5 28. h4 Rh5 29. Raf1 Rxh4+ 30. Kg1 Bd6 31. Rf7 Bf8 32. R1f5 Qe6 33. Rxf8+ Rxf8 34. Rxf8+ Kxf8 35. Qf2+ Kg8 36. Qxh4 Qxg6+ 37. Kf1 Qf7+ 38. Ke1 Qxa2 39. Qd8+ Kh7 40. Qe7 Qg8 41. c4 h5 42. c5 Kg6 43. Qe4+ Kh6 44. Be3+ g5 45. Qf5 Qg7 46. Qxg5+ 1-0

[Event "Valby K41 Spring-B"]
[Site "Valby"]
[Date "2008.04.08"]
[Round "3"]
[White "Nielsen, Soren Skovso"]
[Black "Pedersen, Egmont"]
[Result "1-0"]
[WhiteElo "1600"]
[BlackElo "1114"]
[PlyCount "47"]
[EventDate "2008.03.25"]
[EventType "swiss"]
[EventRounds "7"]
[EventCountry "DEN"]
[SourceTitle "EXT 2023"]
[Source "ChessBase"]
[SourceDate "2022.10.05"]
[SourceVersion "1"]
[SourceVersionDate "2022.10.05"]
[SourceQuality "1"]

1. d4 d5 2. Nf3 Nf6 3. c3 e6 4. Qc2 Nbd7 5. Nbd2 Be7 6. e3 0-0 7. Bd3 c5 8. b3 b6 9. 0-0 Bb7 10. Ng5 h6 11. Nh7 Nxh7 12. Bxh7+ Kh8 13. Bd3 Nf6 14. Nf3 Rc8 15. Qe2 Qc7 16. c4 dxc4 17. Bxc4 Bd6 18. dxc5 Bxc5 19. Bb2 Be7 20. Rac1 Qb8 21. Rfd1 Rfd8 22. Ne5 Rxd1+ 23. Rxd1 Rd8 24. Nxf7+ 1-0

[Event "Valby K41 op 0708"]
[Site "Valby"]
[Date "2008.03.11"]
[Round "9"]
[White "Nielsen, Jorgen Kamp"]
[Black "Nielsen, Soren Skovso"]
[Result "1/2-1/2"]
[WhiteElo "1669"]
[BlackElo "1743"]
[PlyCount "61"]
[EventDate "2007.11.13"]
[EventType "swiss"]
[EventRounds "9"]
[EventCountry "DEN"]
[SourceTitle "EXT 2018"]
[Source "ChessBase"]
[SourceDate "2017.10.13"]
[SourceVersion "1"]
[SourceVersionDate "2017.10.13"]
[SourceQuality "1"]

1. e4 c5 2. f4 d5 3. Nc3 dxe4 4. Nxe4 e6 5. Nf3 Bd7 6. d4 Bc6 7. Qd3 Nd7 8. Ne5 Nxe5 9. dxe5 Qb6 10. Nd2 Rd8 11. Qg3 Ne7 12. Nc4 Nf5 13. Qh3 Qc7 14. Bd3 b5 15. Bxf5 exf5 16. Ne3 g6 17. c4 Qa5+ 18. Ke2 Be4 19. Rd1 Rxd1 20. Nxd1 bxc4 21. Bd2 Qa6 22. Nc3 Bd3+ 23. Kf2 Qb7 24. Qf3 Be4 25. Nxe4 fxe4 26. Qc3 Qd5 27. Qa5 Qd4+ 28. Be3 Qxb2+ 29. Kg3 Qxa1 30. Qb5+ Kd8 31. Qb8+ 1/2-1/2

[Event "Valby K41 Autumn-C"]
[Site "Valby"]
[Date "2007.10.30"]
[Round "7"]
[White "Gjelstrup, Ole"]
[Black "Nielsen, Soren Skovso"]
[Result "1/2-1/2"]
[WhiteElo "1321"]
[BlackElo "1579"]
[PlyCount "142"]
[EventDate "2007.09.11"]
[EventType "swiss"]
[EventRounds "7"]
[EventCountry "DEN"]
[SourceTitle "EXT 2023"]
[Source "ChessBase"]
[SourceDate "2022.10.05"]
[SourceVersion "1"]
[SourceVersionDate "2022.10.05"]
[SourceQuality "1"]

1. d4 Nf6 2. Nf3 e6 3. e3 c5 4. Bd3 d5 5. b3 cxd4 6. exd4 Bb4+ 7. c3 Be7 8. 0-0 b6 9. Nbd2 0-0 10. Ne5 Nbd7 11. f4 Qc7 12. Bb2 Bb7 13. Qc2 Rfc8 14. Rac1 Nf8 15. Ndf3 a6 16. Ng5 Bd6 17. Ngxf7 Bxe5 18. Nxe5 Qe7 19. Rf3 Rc7 20. Rcf1 Rac8 21. Qe2 b5 22. Rh3 Qe8 23. Ng4 Nxg4 24. Qxg4 Rf7 25. f5 Rf6 26. fxe6 Qxe6 27. Qxe6+ Rxe6 28. Bf5 Re2 29. Bxc8 Bxc8 30. Rhf3 Ng6 31. Ba3 Re8 32. Rf7 Bg4 33. Bd6 h6 34. h3 Be6 35. Rc7 Rd8 36. Rc6 Ra8 37. Bc5 Bf7 38. Rd6 Nf8 39. Rxf7 Kxf7 40. Rxd5 Ne6 41. Rd7+ Kg8 42. Bd6 Ng5 43. c4 bxc4 44. bxc4 Rc8 45. Rc7 Re8 46. Re7 Rxe7 47. Bxe7 Ne4 48. d5 Kf7 49. Bb4 Nf6 50. Kf2 Nd7 51. Ke3 g6 52. Kd4 Ke8 53. d6 Nb8 54. Kd5 Kd7 55. Kc5 Nc6 56. a3 Ne5 57. Kd5 Nc6 58. c5 h5 59. g4 hxg4 60. hxg4 Nd8 61. Bd2 Nc6 62. Be3 Nd8 63. Ke5 Ne6 64. Kf6 g5 65. Bd2 Nxc5 66. Bxg5 Ne4+ 67. Kg6 Nxd6 68. Bh6 Ke6 69. g5 Nf5 70. Kh7 Ne7 71. g6 Nxg6 1/2-1/2

[Event "Valby K41 Autumn-C"]
[Site "Valby"]
[Date "2007.10.23"]
[Round "6"]
[White "Nielsen, Soren Skovso"]
[Black "Krogh, Soren"]
[Result "1-0"]
[WhiteElo "1579"]
[BlackElo "1152"]
[PlyCount "67"]
[EventDate "2007.09.11"]
[EventType "swiss"]
[EventRounds "7"]
[EventCountry "DEN"]
[SourceTitle "EXT 2023"]
[Source "ChessBase"]
[SourceDate "2022.10.05"]
[SourceVersion "1"]
[SourceVersionDate "2022.10.05"]
[SourceQuality "1"]

1. Nf3 Nf6 2. e3 d5 3. b3 Bf5 4. Nc3 c6 5. Bb2 e6 6. Be2 Bd6 7. d3 Qe7 8. 0-0 Nbd7 9. e4 dxe4 10. dxe4 Nxe4 11. Nxe4 Bxe4 12. Qd2 0-0-0 13. Qe3 Bxf3 14. Bxf3 Bb8 15. Bxg7 Rhg8 16. Bd4 Qh4 17. g3 Qh3 18. Bg2 Qh5 19. Rad1 Rg6 20. Qf3 Qf5 21. Qc3 Qb5 22. a4 Qa6 23. Be4 e5 24. Be3 c5 25. Bxg6 hxg6 26. Qd2 Qe6 27. Bxc5 Qh3 28. Qc3 Bc7 29. Bd6 Nc5 30. Qxc5 Qd7 31. Qxc7+ Qxc7 32. Bxc7 Kxc7 33. Rxd8 Kxd8 34. f4 1-0